The new strong-willed child: (Record no. 288023)
[ view plain ]
| 000 -LEADER | |
|---|---|
| fixed length control field | 00563nam a2200169Ia 4500 |
| 008 - FIXED-LENGTH DATA ELEMENTS--GENERAL INFORMATION | |
| fixed length control field | 150610s9999 xx 000 0 und d |
| 020 ## - INTERNATIONAL STANDARD BOOK NUMBER | |
| International Standard Book Number | 9781414313634 |
| 050 ## - LIBRARY OF CONGRESS CALL NUMBER | |
| Classification number | HQ772 |
| Item number | .D58 2004 |
| 100 ## - MAIN ENTRY--PERSONAL NAME | |
| Personal name | Dobson, James |
| 245 #4 - TITLE STATEMENT | |
| Title | The new strong-willed child: |
| Remainder of title | birth through adolescence / |
| Statement of responsibility, etc | James C. Dobson. |
| 250 ## - EDITION STATEMENT | |
| Edition statement | Rev. ed. of: The strong-willed child,1978. |
| 260 ## - PUBLICATION, DISTRIBUTION, ETC. (IMPRINT) | |
| Place of publication, distribution, etc | Illinois : |
| Name of publisher, distributor, etc | Tyndale House Publishing, Inc., |
| Date of publication, distribution, etc | 2004. |
| 300 ## - PHYSICAL DESCRIPTION | |
| Extent | 219pages ; |
| Dimensions | 23 cm. |
| 520 ## - SUMMARY, ETC. | |
| Summary, etc | Child rearing. |
| 650 ## - SUBJECT ADDED ENTRY--TOPICAL TERM | |
| General subdivision | Child psychology. |
| 650 ## - SUBJECT ADDED ENTRY--TOPICAL TERM | |
| General subdivision | Discipline of children. |
| Withdrawn status | Lost status | Damaged status | Home library | Current library | Shelving location | Date acquired | Total Checkouts | Full call number | Barcode | Date last seen | Price effective from | Koha item type |
|---|---|---|---|---|---|---|---|---|---|---|---|---|
| Stonyhurst Southville International School (Batangas) | Stonyhurst Southville International School (Batangas) | High School Section | 06/10/2015 | HQ772 .D58 2004 | US-1678 | 06/10/2015 | 06/10/2015 | Books |